La policía preventiva o de seguridad: orígenes, evolución y fundamentos jurídicos

Gespeichert in:
Bibliographische Detailangaben
1. Verfasser: Tobar Luci, Héctor (VerfasserIn)
Format: Buch
Sprache:Spanisch
Veröffentlicht: Valparaíso Ahorronac 1951
Ausgabe:2a. ed
Schlagworte:
Tags: Tag hinzufügen
Keine Tags, Fügen Sie den ersten Tag hinzu!

MARC

LEADER 00000nam a2200000 a 4500
001 UCS2796
003 CL-VaPUC
008 970606e19510000CL |||||||||||||||||spa|d
082 0 4 |a 363.2  |b TOB  |2 21 
100 0 |a Tobar Luci, Héctor  |e author  |9 388627 
245 1 3 |a La policía preventiva o de seguridad: orígenes, evolución y fundamentos jurídicos 
250 |a 2a. ed 
300 |a 255 p 
942 |c BK 
945 |d 19970606 00:00:00  |a lriquelm 
260 |a Valparaíso  |b Ahorronac  |c 1951 
600 0 7 |a CARABINEROS DE CHILE  |2 CL-VaPUC  |9 388628 
650 7 |a POLICIA  |2 CL-VaPUC  |9 313500 
650 7 |a PODER POLICIAL  |2 CL-VaPUC  |9 388629 
650 0 |a Evolución  |9 259442 
650 0 |a Actividades policiales  |9 384176 
650 0 |a Aplicación de la ley  |9 338319 
650 0 |a Fuerzas Armadas  |9 255504 
650 7 |a REGLAMENTACIONES  |2 CL-VaPUC  |9 338372 
583 |a last modification  |c 19970606 00:00:00  |k Rodrigo Vera 
999 |c 260727  |d 260725 
952 |0 0  |1 0  |4 0  |6 363_200000000000000_TOB_1951  |7 0  |8 P  |9 287027  |a BIBDER  |b BIBDER  |d 2019-11-19  |i 1864890  |o 363.2 TOB 1951  |p 1864890  |r 2023-01-25  |w 2019-11-19  |y BK  |k DER